Titles of Power Quiz Stats

Quiz Updated Aug 10, 2015

Challenge
Share
Tweet
Embed
Score 0/32 Timer 05:00
2 Plays Today
Hints Titles % Correct
Urban II, John Paul II, Benedict XVIPope
98.1%
Esther, Elizabeth I, IsabellaQueen
97.7%
Solomon, Henry VIII, Louis XIVKing
97.6%
'...of Wellington', '...of Earl'*Duke
96.8%
Charles, William, and Harry WindsorPrince
91.4%
Grace Kelly, DianaPrincess
89.6%
Abraham Lincoln, 'Lula', Hu JintaoPresident
88%
Hirohito, Napoleon, Haile Selassie, Palpatine*Emperor
87.3%
Genghis, KublaiKhan
86.8%
'...of Monte Cristo'*, Olaf*Count
86.4%
Ivan the Terrible, Peter the GreatTsar
84.9%
Winston Churchill, Golda Meir, Manmohan SinghPrime Minister
84.1%
Franz FerdinandArchduke
62.6%
Henry Clay, Nancy Pelosi, John BoehnerSpeaker of the House
61.6%
Tutankhamun, Ramesses II, Cleopatra VIIPharaoh
58.4%
Georgiana Cavendish, Sarah FergusonDuchess
56.4%
Hints Titles % Correct
Powhatan, JosephChief
52.6%
Richelieu, Thomas WolseyCardinal
51.5%
'...von Steuben'**, Manfred von Richthofen**Baron
49.9%
Wilhelm I, Frederick III, Wilhelm IIKaiser
42%
Otto von Bismarck, Konrad Adenauer, Angela MerkelChancellor
40.3%
Marie Theresa, Catherine the Great, CixiEmpress
40.1%
Thomas Becket, Desmond TutuArchbishop
39%
Ruhollah Khomeini, Hassan Raza GhadeeriAyatollah
34.2%
Dag Hammarskjöld, Kofi Annan, Ban Ki-moonU.N. Secretary-General
33.2%
Mohammed Reza PahlaviShah
30.9%
Saladin, Mehmed II, QaboosSultan
30.1%
Yoritomo, YoshinobuShogun
26.3%
Hillel, Jesus, Moshe FeinsteinRabbi
20.8%
Francisco Franco, Sun Yat-sen, Chiang Kai-shekGeneralissimo
15.3%
Abu Bakr, Harun al-RashidCaliph
14.8%
Gendun Drup, Tenzin GyatsoDalai Lama
10.2%

You're not logged in!

Compare scores with friends on all Sporcle quizzes.
Sign Up with Email
OR
Log In

You Might Also Like...

Show Comments

Extras

Top Quizzes Today


Score Distribution

Your Account Isn't Verified!

In order to create a playlist on Sporcle, you need to verify the email address you used during registration. Go to your Sporcle Settings to finish the process.